000 00636nam a22001697a 4500
999 _c63956
_d63956
005 20260226175155.0
008 260226s2006 enk||||| |||| 00| 0 eng d
020 _a9781403998767x
041 _aeng
080 _a005.93 :658.5 :338.24](520) A-13
100 _aAbegglen, James C.
_927000
245 _a21st century Japanese management :
_b new systems, lasting values /
_cJames C. Abegglen.
264 _aNew York :
_bPalgrave Macmillan,
_c2006.
440 _aJournal of Intern. business studies
_927001
653 _aწარმოების მენეჯმენტი იაპონიაში
942 _2udc
_cᲬᲘᲒᲜᲘ